<?xml version="1.0" encoding="UTF-8"?><?xml-stylesheet type="text/xsl" href="static/style.xsl"?><OAI-PMH xmlns="http://www.openarchives.org/OAI/2.0/" xmlns:xsi="http://www.w3.org/2001/XMLSchema-instance" xsi:schemaLocation="http://www.openarchives.org/OAI/2.0/ http://www.openarchives.org/OAI/2.0/OAI-PMH.xsd"><responseDate>2026-04-17T18:40:56Z</responseDate><request verb="GetRecord" identifier="oai:www.recercat.cat:2445/122779" metadataPrefix="marc">https://recercat.cat/oai/request</request><GetRecord><record><header><identifier>oai:recercat.cat:2445/122779</identifier><datestamp>2025-12-05T00:45:34Z</datestamp><setSpec>com_2072_1057</setSpec><setSpec>col_2072_478917</setSpec></header><metadata><record xmlns="http://www.loc.gov/MARC21/slim" xmlns:dcterms="http://purl.org/dc/terms/" xmlns:xsi="http://www.w3.org/2001/XMLSchema-instance" xmlns:doc="http://www.lyncode.com/xoai" xsi:schemaLocation="http://www.loc.gov/MARC21/slim http://www.loc.gov/standards/marcxml/schema/MARC21slim.xsd">
   <leader>00925njm 22002777a 4500</leader>
   <datafield ind2=" " ind1=" " tag="042">
      <subfield code="a">dc</subfield>
   </datafield>
   <datafield ind2=" " ind1=" " tag="720">
      <subfield code="a">Rupérez, María</subfield>
      <subfield code="e">author</subfield>
   </datafield>
   <datafield ind2=" " ind1=" " tag="720">
      <subfield code="a">Noguera Julian, Marc</subfield>
      <subfield code="e">author</subfield>
   </datafield>
   <datafield ind2=" " ind1=" " tag="720">
      <subfield code="a">González, Raquel</subfield>
      <subfield code="e">author</subfield>
   </datafield>
   <datafield ind2=" " ind1=" " tag="720">
      <subfield code="a">Maculuve, Sónia Amós</subfield>
      <subfield code="e">author</subfield>
   </datafield>
   <datafield ind2=" " ind1=" " tag="720">
      <subfield code="a">Bellido, Rocío</subfield>
      <subfield code="e">author</subfield>
   </datafield>
   <datafield ind2=" " ind1=" " tag="720">
      <subfield code="a">Vala, Anifa</subfield>
      <subfield code="e">author</subfield>
   </datafield>
   <datafield ind2=" " ind1=" " tag="720">
      <subfield code="a">Rodríguez, Cristina</subfield>
      <subfield code="e">author</subfield>
   </datafield>
   <datafield ind2=" " ind1=" " tag="720">
      <subfield code="a">Sevene, Esperança Júlia Pires</subfield>
      <subfield code="e">author</subfield>
   </datafield>
   <datafield ind2=" " ind1=" " tag="720">
      <subfield code="a">Paredes, Roger</subfield>
      <subfield code="e">author</subfield>
   </datafield>
   <datafield ind2=" " ind1=" " tag="720">
      <subfield code="a">Menéndez, Clara</subfield>
      <subfield code="e">author</subfield>
   </datafield>
   <datafield ind2=" " ind1=" " tag="260">
      <subfield code="c">2018-06-05T07:22:15Z</subfield>
   </datafield>
   <datafield ind2=" " ind1=" " tag="260">
      <subfield code="c">2018-06-05T07:22:15Z</subfield>
   </datafield>
   <datafield ind2=" " ind1=" " tag="260">
      <subfield code="c">2018</subfield>
   </datafield>
   <datafield ind2=" " ind1=" " tag="260">
      <subfield code="c">2018-05-23T17:59:57Z</subfield>
   </datafield>
   <datafield ind2=" " ind1=" " tag="520">
      <subfield code="a">BACKGROUND: Few data on HIV resistance in pregnancy are&#xd;
                available from Mozambique, one of the countries with the highest&#xd;
                HIV toll worldwide. Understanding the patterns of HIV drug&#xd;
                resistance in pregnant women might help in tailoring optimal&#xd;
                regimens for prevention of mother to child transmission of HIV&#xd;
                (pMTCT) and antenatal care. OBJECTIVES: To describe the&#xd;
                frequency and characteristics of HIV drug resistance mutations&#xd;
                (HIVDRM) in pregnant women with virological failure at delivery,&#xd;
                despite pMTCT or antiretroviral therapy (ART). METHODS: Samples&#xd;
                from HIV-infected pregnant women from a rural area in southern&#xd;
                Mozambique were analysed. Only women with HIV-1 RNA >400c/mL&#xd;
                at delivery were included in the analysis. HIVDRM were&#xd;
                determined using MiSeq(R) (detection threshold 1%) at the first&#xd;
                antenatal care (ANC) visit and at the time of delivery. RESULTS:&#xd;
                Ninety and 60 samples were available at the first ANC visit and&#xd;
                delivery, respectively. At first ANC, 97% of the women had HIV-1&#xd;
                RNA>400c/mL, 39% had CD4+ counts &lt;350 c/mm3 and 30% were&#xd;
                previously not on ART. Thirteen women (14%) had at least one&#xd;
                HIVDRM of whom 70% were not on previous ART. Eight women (13%)&#xd;
                had at least one HIVDRM at delivery. Out of 37 women with data&#xd;
                available from the two time points, 8 (21%) developed at least&#xd;
                one new HIVDRM during pMTCT or ART. Twenty seven per cent&#xd;
                (53/191), 32% (44/138) and 100% (5/5) of the mutations that were&#xd;
                present at enrolment, delivery and that emerged during&#xd;
                pregnancy, respectively, were minority mutations (frequency&#xd;
                &lt;20%). CONCLUSIONS: Even with ultrasensitive HIV-1&#xd;
                genotyping, less than 20% of women with detectable viremia at&#xd;
                delivery had HIVDRM before initiating pMTCT or ART. This&#xd;
                suggests that factors other than pre-existing resistance, such&#xd;
                as lack of adherence or interruptions of the ANC chain, are also&#xd;
                relevant to explain lack of virological suppression at the time&#xd;
                of delivery in women receiving antiretrovirals drugs during&#xd;
                pregnancy.</subfield>
   </datafield>
   <datafield tag="653" ind2=" " ind1=" ">
      <subfield code="a">VIH (Virus)</subfield>
   </datafield>
   <datafield tag="653" ind2=" " ind1=" ">
      <subfield code="a">Embarassades</subfield>
   </datafield>
   <datafield tag="653" ind2=" " ind1=" ">
      <subfield code="a">Moçambic</subfield>
   </datafield>
   <datafield tag="653" ind2=" " ind1=" ">
      <subfield code="a">HIV (Viruses)</subfield>
   </datafield>
   <datafield tag="653" ind2=" " ind1=" ">
      <subfield code="a">Pregnant women</subfield>
   </datafield>
   <datafield tag="653" ind2=" " ind1=" ">
      <subfield code="a">Mozambique</subfield>
   </datafield>
   <datafield ind2="0" ind1="0" tag="245">
      <subfield code="a">HIV drug resistance patterns in pregnant women using next&#xd;
                generation sequence in Mozambique</subfield>
   </datafield>
</record></metadata></record></GetRecord></OAI-PMH>